Statistics for Spanish Scorers in 2010s Champions League

Click here to take the quiz!

General Stats

  • This quiz has been taken 178 times
  • The average score is 34 of 78

Answer Stats

PlayerTeamGls% Correct
Fernando TorresChelsea, Atletico Madrid12
98%
David VillaBarcelona8
97%
Óliver TorresAtletico Madrid1
97%
Andrés IniestaBarcelona6
92%
Cesc FàbregasArsenal, Barcelona, Chelsea14
91%
XaviBarcelona6
91%
Álvaro MorataReal Madrid, Juventus, Chelsea12
89%
PedroBarcelona, Chelsea16
89%
Sergio RamosReal Madrid8
89%
IscoMálaga, Real Madrid8
88%
Gerard PiquéBarcelona11
87%
KokeAtletico Madrid5
87%
David SilvaManchester City8
86%
RaúlReal Madrid, Schalke 047
86%
Thiago AlcántaraBayern Munich8
85%
Diego CostaAtletico Madrid, Chelsea11
84%
Sergio BusquetsBarcelona2
84%
Juan MataValencia, Chelsea, Manchester Utd8
78%
Jordi AlbaBarcelona3
77%
Saúl ÑíguezAtletico Madrid9
77%
Xabi AlonsoBayern Munich3
77%
José CallejónReal Madrid, Napoli11
76%
Fernando LlorenteJuventus, Sevilla, Tottenham7
75%
Marco AsensioReal Madrid6
71%
Dani CarvajalReal Madrid1
70%
Javi MartínezBayern Munich2
67%
Álvaro NegredoManchester City, Sevilla, Beşiktaş7
62%
Juan BernatBayern Munich, Paris SG5
58%
Paco AlcácerBarcelona, Dortmund2
56%
Nacho FernandezReal Madrid2
55%
César AzpilicuetaChelsea1
54%
Jesús NavasSevilla2
52%
Raúl AlbiolReal Madrid1
52%
Roberto SoldadoValencia15
52%
Aritz AdurizValencia, Athletic Club4
50%
Álvaro ArbeloaReal Madrid3
49%
Sergi RobertoBarcelona3
48%
Lucas VázquezReal Madrid3
45%
RodrigoBenfica2
44%
Víctor VázquezBarcelona1
44%
Javi GarcíaBenfica2
32%
Raúl GarcíaAtletico Madrid6
31%
Marc BartraDortmund1
30%
Mikel ArtetaArsenal1
30%
Bojan KrkićBarcelona1
29%
Álex GrimaldoBenfica2
26%
Cristian TelloBarcelona, Porto6
26%
JeséReal Madrid1
26%
NolitoManchester City1
26%
GutiReal Madrid1
25%
Adrián LópezPorto, Atletico Madrid4
24%
Pablo HernándezValencia3
24%
JoaquínValencia, Málaga4
20%
Lucas PérezArsenal3
18%
Carlos SolerValencia2
17%
Pablo SarabiaSevilla2
13%
Mario SuárezAtletico Madrid1
12%
Martín MontoyaBarcelona1
12%
VitoloSevilla1
9%
Borja MayoralReal Madrid1
8%
José Manuel JuradoSchalke 043
8%
Iván MarcanoPorto1
7%
Markel SusaetaAthletic Club1
5%
Pedro LeónReal Madrid1
5%
Andreu FontàsBarcelona1
4%
Sandro RamírezBarcelona1
4%
Iago FalqueRoma1
3%
Sergio EscuderoSevilla1
3%
Alberto BotíaOlympiacos1
2%
Álvaro MedránReal Madrid1
2%
David FusterOlympiacos3
2%
MíchelQarabağ FK1
2%
Mikel San JoséAthletic Club2
2%
Nacho NovoRangers1
2%
Santi MinaValencia2
2%
CaniVillarreal1
1%
Dani AbaloLudogorets2
0%
GuillermoAthletic Club1
0%

Score Distribution

Percentile by Number Answered

Percent of People with Each Score

Your Score History

You have not taken this quiz